000 00348nam a2200133Ia 4500
008 150201s2007 xx 000 0 und d
082 _a617.96
_bM07P
100 _aPILBEAM, SUSAN P
245 _aMECHANICAL VENTILATION:PHYSIO AND CLINICAL A.
250 _a4TH
260 _bMOSBY ELSEVIER
_aDELHI
_c2007
650 _aANAESTHESIOLOGY
942 _2ddc
_cBK
999 _c647
_d647